| 000 | 00472nam a2200169 i 4500 | ||
|---|---|---|---|
| 001 | 34505 | ||
| 003 | ES-MaACL | ||
| 005 | 20230906154938.0 | ||
| 007 | t| | ||
| 008 | 030207s1920 fr ||||1| fre d | ||
| 100 | 1 |
_aBohn, Georges. _929834 |
|
| 245 | 1 | 3 |
_aLa chimic et la vie / _cGeorges Bohn et Anna Drzewina. |
| 260 |
_aParĂs : _bErnest Flammarion, _c1920 ( _fHemmerte) |
||
| 300 |
_a270 p. ; _c19 cm. |
||
| 700 | 1 |
_aDrzewina, Anna. _945691 |
|
| 852 |
_aES-MaACL _jF-6419 |
||
| 999 |
_c34505 _d34505 |
||